Normal view
MARC view
Entry Topical Term
001 - CONTROL NUMBER
- control field: 28708
003 - CONTROL NUMBER IDENTIFIER
- control field: ARRUPE
005 - DATE AND TIME OF LATEST TRANSACTION
- control field: 20170209102046.0
008 - FIXED-LENGTH DATA ELEMENTS
- fixed length control field: 170209|| aca||aabn | a|a d
040 ## - CATALOGING SOURCE
- Original cataloging agency: ARRUPE
- Transcribing agency: ARRUPE
150 ## - HEADING--TOPICAL TERM
- Topical term or geographic name as entry element: Rural development projects
- Geographic subdivision: Ethiopia
- General subdivision: Case studies.
670 ## - SOURCE DATA FOUND
- Source citation: Work cat.: (ARRUPE)0: Bäcklander, Cecilia. 28706, 20 years of development : CADU/ARDU/SEAD in Ethiopia /, c1988.